000
00242nam a2200097Ia 4500
001
683060
005
20250826161430.0
008
250824s9999 xx 000 0 und d
245
0
_a
GÖLGESİZLER
_c
HASAN ALİ TOPTAŞ
260
_b
EVEREST YAYINLARI
999
_c
683060
_d
683060